00455nam a2200181Ia 4500008004100000020001800041050001400059100001600073245003300089245005100122260001500173260001600188260000900204300001500213300002700228300001000255500000800265170918s9999 xx 000 0 und d a9780439562454 bL931 2002 aLucado, Max aIf only I had a green nose / cMax Lucado ; illustrations by Sergio Martinez. aNew York : bScholastic, c2002 a31 pages : bcolored illustration ; c26cm. a530